Geometría descriptiva aplicada
| Main Author: | |
|---|---|
| Format: | Section = Libro |
| Language: | Undetermined Spanish |
| Published: |
México
Alfaomega
1999
|
| Subjects: |
| LEADER | 00597nam a2200217Ia 4500 | ||
|---|---|---|---|
| 008 | 240829s9999 xx 000 0 und d | ||
| 020 | |a 970-15-0271-X | ||
| 040 | |a BIBLIOTECA-RUPAP 516.6 B516 | ||
| 041 | |a spa | ||
| 082 | |a 516.6 B516 | ||
| 100 | 1 | |a Bermejo Herrero, Miguel | |
| 245 | 1 | 0 | |a Geometría descriptiva aplicada |
| 260 | |a México |b Alfaomega |c 1999 | ||
| 300 | |a 274 p. :il. | ||
| 650 | 7 | |a GEOMETRIA DESCRIPTIVA - DIBUJO TECNICO | |
| 650 | 7 | |b PUNTOS, RECTAS, PLANOS | |
| 650 | 7 | |c HOMOLOGIA | |
| 650 | 7 | |d PERSPECTIVAS CONICAS. I. Tít. | |
| 942 | |c BK |2 ddc | ||
| 991 | |a TEXTO | ||
| 999 | |c 8189 | ||